000
00347nam a2200145Ia 4500
003
OSt
005
20240305153701.0
008
170524s9999 xx 000 0 und d
020
_a
9354600077
040
_c
IIMT UNIVERSITY
100
_a
CHANDRA PRASANA
245
0
_a
INVESTMENT ANALYSIS AND PORTFOLIO MANAGEMENT
260
_a
TMH
942
_2
ddc
_c
02
999
_c
3291
_d
3291